Geografía de redes y sistemas de transporte

Spremljeno u:
Bibliografski detalji
Glavni autori: Seguí Pons, Joana María (Autor), Petrus Bey, Joana María (Autor)
Format: Knjiga
Jezik:španjolski
Izdano: Madrid Síntesis 1991
Serija:Espacio y Sociedades, 16
Teme:
Oznake: Dodaj oznaku
Bez oznaka, Budi prvi tko označuje ovaj zapis!

MARC

LEADER 00000cam a2200000 a 4500
001 UCG2897
003 CL-VaPUC
008 100729e19910000SP |||||||||||||||||spa|d
020 |a 8477381070 
082 0 4 |a 388.4  |b SEG  |2 21 
100 0 |a Seguí Pons, Joana María  |e author  |9 551548 
700 0 |a Petrus Bey, Joana María  |e author  |9 551549 
245 1 0 |a Geografía de redes y sistemas de transporte 
300 |a 231 p 
942 |c BK 
945 |d 20100729 00:00:00  |a mfarfan 
260 |a Madrid  |b Síntesis  |c 1991 
650 0 |a Redes de transporte  |9 354584 
650 7 |a TRANSPORTE TERRESTRE  |2 CL-VaPUC  |9 551550 
583 |a last modification  |c 20130311 10:47:25  |k Rodrigo Vera 
490 0 |a Espacio y Sociedades, 16 
999 |c 341999  |d 341997 
952 |0 0  |1 0  |4 0  |6 388_400000000000000_SEG_1991  |7 0  |8 A  |9 437932  |a BIBING  |b BIBING  |d 2019-11-22  |i 4954661  |l 1  |o 388.4 SEG 1991  |p 4954661  |r 2025-01-20  |s 2024-10-11  |w 2019-11-22  |y BK  |k GEO